| 000 | 00500nam a22001577a 4500 | ||
|---|---|---|---|
| 008 | 230329b |||||||| |||| 00| 0 eng d | ||
| 040 |
_aNational Science Library _cNational Science Library |
||
| 080 |
_aD 681.324 _bP1 |
||
| 100 | _aThomas, Stephen A | ||
| 245 |
_aHTTP essentials: _bProtocols for secure, scaleable web sites |
||
| 260 |
_aNew York: _bWiley Computer Publishing, _62001 |
||
| 300 | _axii321p. | ||
| 650 | _aComputer science | ||
| 653 | _aInformation technology | ||
| 942 |
_2udc _cBK |
||
| 999 |
_c16290 _d16290 |
||